<?xml version="1.0" encoding="UTF-8"?><?xml-stylesheet type="text/xsl" href="static/style.xsl"?><OAI-PMH xmlns="http://www.openarchives.org/OAI/2.0/" xmlns:xsi="http://www.w3.org/2001/XMLSchema-instance" xsi:schemaLocation="http://www.openarchives.org/OAI/2.0/ http://www.openarchives.org/OAI/2.0/OAI-PMH.xsd"><responseDate>2026-04-14T19:10:40Z</responseDate><request verb="GetRecord" identifier="oai:uvadoc.uva.es:10324/58005" metadataPrefix="marc">https://uvadoc.uva.es/oai/request</request><GetRecord><record><header><identifier>oai:uvadoc.uva.es:10324/58005</identifier><datestamp>2025-03-26T19:45:20Z</datestamp><setSpec>com_10324_55535</setSpec><setSpec>com_10324_5186</setSpec><setSpec>com_10324_29291</setSpec><setSpec>col_10324_57996</setSpec></header><metadata><record xmlns="http://www.loc.gov/MARC21/slim" xmlns:doc="http://www.lyncode.com/xoai" xmlns:xsi="http://www.w3.org/2001/XMLSchema-instance" xmlns:dcterms="http://purl.org/dc/terms/" xsi:schemaLocation="http://www.loc.gov/MARC21/slim http://www.loc.gov/standards/marcxml/schema/MARC21slim.xsd">
<leader>00925njm 22002777a 4500</leader>
<datafield tag="042" ind1=" " ind2=" ">
<subfield code="a">dc</subfield>
</datafield>
<datafield tag="720" ind1=" " ind2=" ">
<subfield code="a">Arnaiz Barrero, Jesús Enrique</subfield>
<subfield code="e">author</subfield>
</datafield>
<datafield tag="260" ind1=" " ind2=" ">
<subfield code="c">2022</subfield>
</datafield>
<datafield tag="520" ind1=" " ind2=" ">
<subfield code="a">Este artículo estudia el viaje que realizó, entre abril y mayo de 1940, un grupo de técnicos ferroviarios españoles a Alemania, respondiendo a la invitación del Ministerio de Co­municaciones de aquel país para conocer su red y la organización que se encargaba de su explo­tación, la Deutsche Reichsbahn. Para ello se ha utilizado, fundamentalmente, la memoria que elaboraron sobre su expedición. Y se analiza, a continuación, las conclusiones a las que llegó la comisión; en particular, sobre las posibles aplicaciones de los avances alemanes a los ferrocarri­les españoles.</subfield>
</datafield>
<datafield tag="024" ind2=" " ind1="8">
<subfield code="a">TST. Transportes, Servicios y Telecomunicaciones; Núm. 49 (2022): Los Viajes de Directores y Técnicos pags. 88-113</subfield>
</datafield>
<datafield tag="024" ind2=" " ind1="8">
<subfield code="a">2951-7176</subfield>
</datafield>
<datafield tag="024" ind2=" " ind1="8">
<subfield code="a">1578-5777</subfield>
</datafield>
<datafield tag="024" ind2=" " ind1="8">
<subfield code="a">https://uvadoc.uva.es/handle/10324/58005</subfield>
</datafield>
<datafield tag="024" ind2=" " ind1="8">
<subfield code="a">10.24197/tst.49.2022.88-113</subfield>
</datafield>
<datafield tag="024" ind2=" " ind1="8">
<subfield code="a">88</subfield>
</datafield>
<datafield tag="024" ind2=" " ind1="8">
<subfield code="a">49</subfield>
</datafield>
<datafield tag="024" ind2=" " ind1="8">
<subfield code="a">113</subfield>
</datafield>
<datafield tag="245" ind1="0" ind2="0">
<subfield code="a">Viajar para unificar: análisis de una expedición de estudios ferroviarios a Alemania</subfield>
</datafield>
</record></metadata></record></GetRecord></OAI-PMH>